000 00515nam a2200181Ia 4500
999 _c7079
_d7079
003 OSt
005 20200826142708.0
008 190216s9999||||xx |||||||||||||| ||und||
020 _a9788131500446
040 _coclc
082 _a658.054678
_bSCH/E
100 _a Schneider, Gary P
_91448
245 0 _aElectronic Commerce /
_cGary P Schneider
250 _a4th Ed.
260 _bThomson Books/Cole,
_c2006.
_aUK:
300 _a624p
942 _cBK
_2ddc
_h658.054678
_iSCH/E
_k658.054678
_mSCH/E